| 000 | 00489nam a22001817a 4500 | ||
|---|---|---|---|
| 003 | OSt | ||
| 005 | 20140310183124.0 | ||
| 008 | 130528t xxu||||| |||| 00| 0 eng d | ||
| 050 |
_aPL 6058 _b.H577 1969 |
||
| 082 |
_aFIL 813.6 _bH557 1969 |
||
| 245 |
_aMga ibong mandaragit _cHernandez, Amado V. |
||
| 260 |
_aLas Pinas City : _bM & L Licudine Enterprises _c1969 |
||
| 521 | _acollege students | ||
| 526 | _c1210L-1700L | ||
| 541 | _j1 | ||
| 562 | _e1 | ||
| 942 |
_2lcc _cBK _kFIL |
||
| 999 |
_c18990 _d18990 |
||